| 000 | 00478nam a2200145 a 4500 | ||
|---|---|---|---|
| 001 | ASINB001OAMRC4 | ||
| 005 | 20140828172245.0 | ||
| 008 | 140828s1983 xxu eng d | ||
| 100 | 1 | _aTraister, Robert J. | |
| 245 | 1 | 4 |
_aThe ibm personal computer / _cRobert J. Traister. |
| 250 | _aFirst Edition first Printing. | ||
| 260 |
_a[S.l.] : _bTAB Books, _c1983. |
||
| 300 | _a1 v. (unpaged) | ||
| 856 | 4 | 0 |
_3Amazon.com _uhttp://www.amazon.com/exec/obidos/ASIN/B001OAMRC4/chopaconline-20 |
| 999 |
_c9281 _d9281 |
||